| 000 | 00502nam a2200157 4500 | ||
|---|---|---|---|
| 001 | 133422 | ||
| 003 | ES-MaACL | ||
| 005 | 20230906194412.0 | ||
| 007 | t| | ||
| 008 | 070214s1963 sp r ||||1| spa d | ||
| 100 | 1 |
_aRuipérez Juárez, Jesús. _9100582 |
|
| 245 | 1 | 3 |
_aLa definición de represalias en el Derecho Internacional vigente / _cJesús Ruipérez Juárez. |
| 260 |
_aSalamanca : _b[s. n.], _c1963 ( _fGráf. Cervantes) |
||
| 300 |
_a39 p. ; _c26 cm. |
||
| 852 |
_aES-MaACL _j2031-F-17 _bR.52765 |
||
| 999 |
_c133422 _d133422 |
||